Instituciones del Derecho Civil

Detalles Bibliográficos
Autor principal: Godo, Juan Morales
Formato: eBook
Lenguaje:español
Publicado: Lima : Editorial Palestra, 2009
Materias:
Acceso en línea:Acceso restringido

MARC

LEADER 00000nam a22000007a 4500
005 20120626163413.0
007 cr|||| ||||
008 120626s2009 pe |||||s|||| 00||0 spa d
020 |a 978-612-4047-11-4 
035 |a 6470 
040 |a vLex 
090 |c 3248  |d 3248 
100 1 |a  Godo, Juan Morales 
245 1 0 |a Instituciones del Derecho Civil  |h [Recurso electrn̤ico] /   |c Juan Morales Godo 
256 |a Servicio en ln̕ea 
260 |a Lima :  |b Editorial Palestra,  |c 2009 
300 |a 1 recurso electrn̤ico 
506 1 |a Contenido solo disponible en los productos indicados  |d vLex Global   |d vLex Global (Academic Edition, excluding Law Schools)   |d vLex Global (U.S. Academic Edition, Law Schools)   |d vLex Global (U.S. Academic Edition, excluding Law Schools)   |d vLex Global (Academic Edition, Law Schools)  
650 0 4 |a Derecho civil  |z Per︢ 
740 0 |a vLex Libros (Servicio en ln̕ea) 
856 4 0 |u http://vlex.com/source/instituciones-derecho-civil-6470  |z Acceso restringido 
942 |c BOOK 
999 0 |a Civil law